الجهاز الدوري جولة علمية داخل جسم الانسان : (رقم التسجيلة. 31062)
[ عرض عادي ]
| 000 -LEADER | |
|---|---|
| fixed length control field | 00747nam a22002057a 4500 |
| 005 - DATE AND TIME OF LATEST TRANSACTION | |
| control field | 20251108165757.0 |
| 008 - FIXED-LENGTH DATA ELEMENTS--GENERAL INFORMATION | |
| fixed length control field | 250721s1994 xx 000 0 ara d |
| 082 14 - DEWEY DECIMAL CLASSIFICATION NUMBER | |
| Classification number | ط/612.1/شلش |
| 100 1# - MAIN ENTRY--PERSONAL NAME | |
| Personal name | شلش، صبحي عمران |
| 245 10 - TITLE STATEMENT | |
| Title | الجهاز الدوري جولة علمية داخل جسم الانسان : |
| Remainder of title | الجهاز الدوري / |
| 246 11 - VARYING FORM OF TITLE | |
| Title proper/short title | the circulatory system |
| 264 1# - PRODUCTION, PUBLICATION, DISTRIBUTION, MANUFACTURE, AND COPYRIGHT NOTICE | |
| Place of production, publication, distribution, manufacture | عمان : |
| Name of producer, publisher, distributor, manufacturer | مؤسسة المجلس الأعلى للعلوم و التكنولوجيا، |
| Date of production, publication, distribution, manufacture, or copyright notice | 1994. |
| 300 ## - PHYSICAL DESCRIPTION | |
| Extent | 32ص. |
| 490 0# - SERIES STATEMENT | |
| Series statement | جولة علمية داخل جسم الانسان |
| 650 17 - SUBJECT ADDED ENTRY--TOPICAL TERM | |
| Topical term or geographic name as entry element | الدم |
| 650 17 - SUBJECT ADDED ENTRY--TOPICAL TERM | |
| Topical term or geographic name as entry element | الجهاز الدوري |
| 653 ## - INDEX TERM--UNCONTROLLED | |
| Uncontrolled term | ناشئون صغار (10-14) سنة |
| 942 ## - ADDED ENTRY ELEMENTS (KOHA) | |
| Source of classification or shelving scheme | Dewey Decimal Classification |
| Koha item type | كتب |
| حالة السحب | حالة الفقدان | مصدر التصنيف | حالة التلف | غير قابل للإعارة | المكتبة الرئيسية | المكتبة الحالية | موقع الرف | تاريخ التزويد | الرقم المتسلسل | Total Checkouts | رقم الإستدعاء | تاريخ آخر ظهور | تاريخ الفاتورة | نوع المادة (كوها) | الباركود |
|---|---|---|---|---|---|---|---|---|---|---|---|---|---|---|---|
| Dewey Decimal Classification | مكتبة أم قصير والمقابلين العامة | مكتبة أم قصير والمقابلين العامة | الأطفال | 27/09/2014 | [ 4336 ] | ط/612.1/شلش | 28/07/2025 | 27/09/2014 | كتب | PLD00347367 | |||||
| Dewey Decimal Classification | مكتبة أم قصير والمقابلين العامة | مكتبة أم قصير والمقابلين العامة | الأطفال | 17/10/2014 | 367588 | ط/612.1/شلش | 28/07/2025 | 17/10/2014 | كتب | PLD00351780 | |||||
| Dewey Decimal Classification | مكتبة الاميرة بديعة | مكتبة الاميرة بديعة | الأطفال | 01/07/2015 | [1805]. | ط/612.1/شلش | 28/07/2025 | 01/07/2015 | كتب | PLD00335223 | |||||
| Dewey Decimal Classification | مكتبة الاميرة بديعة | مكتبة الاميرة بديعة | الأطفال | 15/07/2015 | 367538 | ط/612.1/شلش | 28/07/2025 | 15/07/2015 | كتب | PLD00338013 | |||||
| Dewey Decimal Classification | Unchecked | مكتبة الجويدة | مكتبة الجويدة | الأطفال | 06/07/2004 | 1999 | ط/612.1/شلش | 28/07/2025 | 06/07/2004 | كتب | |||||
| Dewey Decimal Classification | مكتبة الحسن العامة | مكتبة الحسن العامة | الأطفال | 07/05/2019 | {39610] | ط/612.1/شلش | 28/07/2025 | 07/05/2019 | كتب | PLD00452595 | |||||
| Dewey Decimal Classification | Unchecked | مكتبة النصر العامة | مكتبة النصر العامة | الأطفال | 06/07/2004 | 1773 | ط/612.1/شلش | 28/07/2025 | 06/07/2004 | كتب | |||||
| Dewey Decimal Classification | مكتبة صويلح العامة | مكتبة صويلح العامة | الأطفال | 28/07/2019 | 0005704 | ط/612.1/شلش | 28/07/2025 | 28/07/2019 | كتب | PLD00459961 | |||||
| Dewey Decimal Classification | مكتبة وادي السير العامة | مكتبة وادي السير العامة | الأطفال | 11/11/2015 | 367608 | ط/612.1/شلش | 28/07/2025 | 11/11/2015 | كتب | PLD00363767 |